000
002110000a22001090004500
041
0
_a
ENG
082
0
4
_a
AV 0246
245
1
0
_a
If I were the devil / John Linton
300
_a
38 Pág.
001
14115
942
_c
BK
999
_c
43028
_d
43028